000 00518nam a2200181Ia 4500
005 20250508154517.0
008 008 250505s9999 xx 000 0 eng d
037 _aTextual
040 _aFEDL
_beng
_cFEDL
041 _aeng
_2eng
084 _a398.21, GHO
_qFEDL
100 _aGhose Sudhin N
245 0 _aFolk tales and fairy stories from India
260 _aCalcutta, India
_bOxford and IBH Publishing Co.
_c1965
300 _a146p.
942 _cTEXL
_h398.21, GHO
999 _c1350676
_d1350676